📖150 premiers mots "Les enfants de la liberté" Marc Levy - Statistiques

Statistiques générales
  • Ce quiz a Ă©tĂ© pris 13 fois
  • Le rĂ©sultat moyen est 74 sur 150
Statistiques - réponses
Mots % Correct
Ă 
100%
d'
100%
de-
100%
de
100%
l'
100%
la
100%
le
100%
Saint-Paul,
100%
t'
100%
J'
92%
j'
92%
les
92%
ma
92%
me
92%
ai
83%
et
83%
Je
83%
je
83%
ne
83%
Au
75%
au
75%
du
75%
nous
75%
par
75%
te
75%
un
75%
aux
67%
mes
67%
pas
67%
que
67%
suis
67%
tout
67%
ces
58%
dans
58%
peu
58%
plus
58%
qui
58%
entré
50%
jeudis.
50%
jour
50%
lundis
50%
petit
50%
avais
42%
beau
42%
était
42%
puis
42%
rien,
42%
rue
42%
sur
42%
toi,
42%
toi
42%
aimer
33%
étions
33%
ĂŞtre
33%
fait
33%
hommes.
33%
matin.
33%
vais
33%
vie
33%
avait
25%
cadeau
25%
connais
25%
main,
25%
savais
25%
temps
25%
vers
25%
café
17%
demain,
17%
derniers
17%
encore.
17%
encore
17%
poches.
17%
aujourd'hui
8%
avoue.
8%
comptoir,
8%
Dire
8%
ignorais
8%
jusqu'
8%
légers,
8%
Trois
8%
abeille
0%
appliquait
0%
chaussée,
0%
cire
0%
commencé
0%
concierge
0%
coude
0%
descendre
0%
deuxième
0%
donnerais
0%
dorait
0%
escalier
0%
étages
0%
façades,
0%
habitais,
0%
immeuble
0%
lumière
0%
Malgré
0%
méthodiquement
0%
moiré
0%
palier
0%
pluie
0%
pressé,
0%
rambarde,
0%
rez-
0%
riches ...
0%
sentait
0%
serré
0%
sûrement
0%
trottoir
0%
vieil
0%
Aucun quiz correspondant
Distribution des résultats
% des personnes avec chaque résultat
Percentile par nombre de réponses
Votre historique - résultats
Vous n’avez pas pris ce quiz